LIBRARY & INFORMATION CENTRE, KCAET, TAVANUR

ONLINE PUBLIC ACCESS CATALOGUE (OPAC)

Performance evaluation of nutmeg sheller (Record no. 14949)

MARC details
000 -LEADER
fixed length control field 00589nam a22001817a 4500
003 - CONTROL NUMBER IDENTIFIER
control field OSt
088 ## - REPORT NUMBER
Report number P 241
100 ## - MAIN ENTRY--AUTHOR NAME
Personal name NARAYANAN K
-- NEETHU RANI S
245 ## - TITLE STATEMENT
Title Performance evaluation of nutmeg sheller
260 ## - PUBLICATION, DISTRIBUTION, ETC. (IMPRINT)
Place of publication Tavanur 2012
Name of publisher Department of Farm Power Machinery and Energy
300 ## - PHYSICAL DESCRIPTION
Number of Pages 42
500 ## - GENERAL NOTE
General note Performance evaluation of nutmeg sheller
520 ## - SUMMARY, ETC.
Summary, etc Performance evaluation of nutmeg sheller
700 ## - ADDED ENTRY--PERSONAL NAME
Personal name Er. Sindhu Bhaskar (Guide)
856 ## - ELECTRONIC LOCATION AND ACCESS
Uniform Resource Identifier https://drive.google.com/open?id=1-rlyofJsUsaOAxTvMsArh6kpLImLS9fp
942 ## - ADDED ENTRY ELEMENTS (KOHA)
Koha item type Project Report
Holdings
Collection code Home library Current library Shelving location Full call number Accession Number Koha item type
Reference KAUAET KAUAET Reference 631.3 NAR/PE P 241 Project Report
free website counter